[Event "British Chess Championship 2010"]
[Site "Canterbury ENG"]
[Date "2010.08.02"]
[Round "7.17"]
[White "Eames, Robert S"]
[Black "Josse, Mark"]
[Result "0-1"]
[WhiteElo "2287"]
[BlackElo "2128"]
[PlyCount "110"]
[EventDate "2010.07.27"]
[EventType "swiss"]
[EventRounds "11"]
[EventCountry "ENG"]
[Source "lmi"]
[SourceDate "2010.07.25"]

1. e4 c5 2. Nf3 d6 3. d4 cxd4 4. Nxd4 Nf6 5. Nc3 a6 6. f3 Qb6 7. Nb3 e6 8. g4
Nc6 9. g5 Nd7 10. h4 Qc7 11. Be3 b5 12. Qd2 Nce5 13. Qg2 b4 14. Nb1 d5 15. f4
Nc4 16. Bd4 Qxf4 17. exd5 Ne3 18. Qe2 Qg3+ 19. Kd2 Nxd5 20. Rh3 Qf4+ 21. Ke1 a5
22. Bg2 Ba6 23. Qf2 Qxf2+ 24. Bxf2 Nf4 25. Bxa8 Nxh3 26. Be3 Bd6 27. Bg2 Bg3+
28. Kd2 Nf2 29. Bc6 Ke7 30. Nxa5 Rd8 31. Kc1 Bxh4 32. Bd2 f6 33. Bf3 Ne5 34.
gxf6+ Kxf6 35. Nc6 Nxc6 36. Bxc6 Rc8 37. Bg2 Nd3+ 38. Kd1 Nxb2+ 39. Kc1 Nd3+
40. Kd1 Nf2+ 41. Kc1 Bg3 42. c3 Be5 43. Kc2 Bd3+ 44. Kb3 Ne4 45. Be3 bxc3 46.
Na3 Rb8+ 47. Ka4 c2 48. Bxe4 Bxe4 49. Rf1+ Ke7 50. Nc4 Bc6+ 51. Ka3 Bf6 52.
Bc5+ Kd7 53. Rc1 Be4 54. Be3 Be7+ 55. Ka4 Rb4+ 0-1

[Event "British Chess Championship 2010"]
[Site "Canterbury ENG"]
[Date "2010.08.02"]
[Round "7.18"]
[White "Padilla Cabero, Pablo"]
[Black "McMichael, Richard J"]
[Result "0-1"]
[WhiteElo "2149"]
[BlackElo "2287"]
[PlyCount "93"]
[EventDate "2010.07.27"]
[EventType "swiss"]
[EventRounds "11"]
[EventCountry "ENG"]
[Source "lmi"]
[SourceDate "2010.07.25"]

1. e4 e6 2. d4 d5 3. e5 Bd7 4. a4 c5 5. c3 Nc6 6. g3 Rc8 7. Ne2 Nge7 8. Bh3 h5
9. O-O cxd4 10. cxd4 Qb6 11. Nbc3 a6 12. Rb1 Nb4 13. Bg5 Nec6 14. Kg2 Na5 15.
f4 g6 16. f5 exf5 17. Bf6 Rg8 18. Nf4 Be6 19. Kh1 Nc4 20. a5 Qxa5 21. Qe2 Qb6
22. Rfd1 Qc6 23. Rbc1 Qd7 24. Bg2 Nb6 25. Bf3 Be7 26. Qg2 Bxf6 27. exf6 Rc6 28.
Re1 Kd8 29. Rcd1 Kc8 30. Re5 Rd8 31. Nd3 Nxd3 32. Rxd3 Kb8 33. Re1 Rdc8 34.
Rdd1 Qd8 35. Re5 Qxf6 36. Nxd5 Nxd5 37. Bxd5 Bxd5 38. Rxd5 Rc1 39. Qd2 Rxd1+
40. Qxd1 Qc6 41. Qf3 Ka7 42. Kg2 Re8 43. Re5 Rxe5 44. dxe5 Kb6 45. Kf2 Qxf3+
46. Kxf3 Kc6 47. Kf4 0-1

[Event "British Chess Championship 2010"]
[Site "Canterbury ENG"]
[Date "2010.08.02"]
[Round "7.20"]
[White "Cumming, Rhys"]
[Black "Spence, David J"]
[Result "0-1"]
[WhiteElo "1986"]
[BlackElo "2244"]
[PlyCount "74"]
[EventDate "2010.07.27"]
[EventType "swiss"]
[EventRounds "11"]
[EventCountry "ENG"]
[Source "lmi"]
[SourceDate "2010.07.25"]

1. e4 e6 2. d4 d5 3. e5 c5 4. c3 Nc6 5. Nf3 Qb6 6. a3 c4 7. Nbd2 Na5 8. Be2 Bd7
9. O-O f6 10. Re1 Nh6 11. h3 Nf7 12. exf6 gxf6 13. Nh2 O-O-O 14. Ndf1 Nb3 15.
Rb1 Kb8 16. Ng3 Nxc1 17. Qxc1 e5 18. Bh5 Be6 19. Ng4 Bxg4 20. hxg4 Nh6 21. dxe5
fxe5 22. Rxe5 Bd6 23. Re6 Rhf8 24. Nh1 Bh2+ 25. Kxh2 Qxe6 26. Qg5 d4 27. cxd4
Rxd4 28. Qg7 Qd6+ 29. g3 Rg8 30. Qxh7 Nxg4+ 31. Bxg4 Rdxg4 32. Re1 Qd2 33. Re5
Rxg3 34. Qh5 Rg2+ 35. Kh3 Qd7+ 36. Qf5 Qg7 37. Ng3 Rxg3+ 0-1

[Event "British Chess Championship 2010"]
[Site "Canterbury ENG"]
[Date "2010.08.02"]
[Round "7.21"]
[White "Rudd, Jack"]
[Black "Jackson, James P"]
[Result "1/2-1/2"]
[WhiteElo "2236"]
[BlackElo "2135"]
[PlyCount "118"]
[EventDate "2010.07.27"]
[EventType "swiss"]
[EventRounds "11"]
[EventCountry "ENG"]
[Source "lmi"]
[SourceDate "2010.07.25"]

1. e4 c5 2. Nf3 Nc6 3. d4 cxd4 4. Nxd4 Nf6 5. Nc3 e5 6. Ndb5 d6 7. Bg5 a6 8.
Na3 b5 9. Nd5 Be7 10. Bxf6 Bxf6 11. c3 O-O 12. Nc2 Bg5 13. a4 bxa4 14. Rxa4 a5
15. b4 Bb7 16. b5 Ne7 17. Nce3 Bxe3 18. Nxe3 f5 19. exf5 Nxf5 20. Bc4+ Kh8 21.
Nxf5 Rxf5 22. Bd5 Qb6 23. O-O Bxd5 24. Qxd5 Raf8 25. Ra2 e4 26. Qxe4 Rxb5 27.
g3 Rb2 28. Rxb2 Qxb2 29. Qe7 Kg8 30. Qe6+ Kh8 31. Qxd6 Rc8 32. Rd1 h6 33. Qe5
a4 34. Rd6 Qc1+ 35. Kg2 a3 36. f4 Qc2+ 37. Kh3 Kh7 38. Rd7 Rg8 39. Ra7 a2 40.
Qd5 Qxc3 41. Rxa2 Qf6 42. Qd3+ Kh8 43. Ra6 Rd8 44. Qb5 Qd4 45. Re6 Qd3 46. Qe5
Kh7 47. Kh4 Rd5 48. Qe4+ Qxe4 49. Rxe4 Kg6 50. g4 Kf6 51. f5 Rd6 52. Kh5 Rd2
53. h4 Rg2 54. Re6+ Kf7 55. Rb6 Rh2 56. f6 gxf6 57. Rb7+ Kf8 58. Rh7 Kg8 59.
Rxh6 Kg7 1/2-1/2

[Event "British Chess Championship 2010"]
[Site "Canterbury ENG"]
[Date "2010.08.02"]
[Round "7.23"]
[White "Snape, Ian L"]
[Black "Jones, William E G"]
[Result "1-0"]
[WhiteElo "2233"]
[BlackElo "2091"]
[PlyCount "65"]
[EventDate "2010.07.27"]
[EventType "swiss"]
[EventRounds "11"]
[EventCountry "ENG"]
[Source "lmi"]
[SourceDate "2010.07.25"]

1. c4 Nf6 2. Nc3 g6 3. e4 d6 4. d4 Bg7 5. Nf3 O-O 6. Be2 e5 7. O-O Nc6 8. d5
Ne7 9. Ne1 Nd7 10. Be3 f5 11. f3 f4 12. Bf2 g5 13. a4 Ng6 14. a5 Kh8 15. Nd3
Nf6 16. c5 h5 17. a6 b6 18. Nb4 g4 19. Nc6 Qd7 20. Nb5 g3 21. hxg3 fxg3 22.
Bxg3 h4 23. Bf2 Nh5 24. Ncxa7 Nhf4 25. Nxc8 Nxg2 26. f4 N6xf4 27. Bg4 Qxb5 28.
Ne7 Rxa6 29. Rxa6 Qxa6 30. cxd6 cxd6 31. Bf5 Bf6 32. Ng6+ Nxg6 33. Qh5+ 1-0

[Event "British Chess Championship 2010"]
[Site "Canterbury ENG"]
[Date "2010.08.02"]
[Round "7.24"]
[White "Sathyanandha, Saravanan"]
[Black "Salimbeni, George P W"]
[Result "1-0"]
[WhiteElo "1986"]
[BlackElo "2164"]
[PlyCount "91"]
[EventDate "2010.07.27"]
[EventType "swiss"]
[EventRounds "11"]
[EventCountry "ENG"]
[Source "lmi"]
[SourceDate "2010.07.25"]

1. d4 Nf6 2. c4 g6 3. Nc3 d5 4. Nf3 Bg7 5. Qb3 dxc4 6. Qxc4 O-O 7. e4 Bg4 8.
Be3 Nfd7 9. Rd1 Nc6 10. Be2 Nb6 11. Qc5 Nd7 12. Qa3 a6 13. d5 Na7 14. Qb3 b5
15. Nd4 Bxe2 16. Ncxe2 Ne5 17. O-O Qc8 18. Rc1 Nc4 19. a4 Nxe3 20. Qxe3 bxa4
21. Rc4 Qb7 22. Qa3 Nb5 23. Qb4 Qb6 24. Nc6 Nd6 25. Qxb6 cxb6 26. Rxa4 b5 27.
Ra2 Nxe4 28. Nxe7+ Kh8 29. Rd1 Rfe8 30. Nc6 Nd6 31. Ned4 Re4 32. f3 Re3 33. Kf2
Ree8 34. Nc2 Nc4 35. d6 Bf6 36. d7 Rf8 37. b3 Ne5 38. N2b4 Nxc6 39. Nxc6 Kg7
40. b4 Bd8 41. Re2 Bb6+ 42. Kf1 Bc7 43. Rde1 f6 44. Re8 Kf7 45. R1e7+ Kg8 46.
Rxa8 1-0

[Event "British Chess Championship 2010"]
[Site "Canterbury ENG"]
[Date "2010.08.02"]
[Round "7.25"]
[White "Maciol, Ryszard"]
[Black "Ball, Laurence"]
[Result "1/2-1/2"]
[WhiteElo "2239"]
[BlackElo "2106"]
[PlyCount "38"]
[EventDate "2010.07.27"]
[EventType "swiss"]
[EventRounds "11"]
[EventCountry "ENG"]
[Source "lmi"]
[SourceDate "2010.07.25"]

1. d4 f5 2. g3 g6 3. Bg2 Nf6 4. Nf3 d6 5. O-O Bg7 6. c4 O-O 7. Qb3 Nc6 8. c5+
d5 9. Bf4 Nh5 10. Be5 Nxe5 11. Nxe5 c6 12. Nd2 Bxe5 13. dxe5 Qc7 14. Qc3 Be6
15. b4 f4 16. Nb3 Rf7 17. Bf3 Ng7 18. e4 fxe3 19. Qxe3 Bh3 1/2-1/2

[Event "British Chess Championship 2010"]
[Site "Canterbury ENG"]
[Date "2010.08.02"]
[Round "7.26"]
[White "Vrubl, Jaroslav"]
[Black "Makepeace, Philip J"]
[Result "0-1"]
[WhiteElo "2210"]
[BlackElo "2074"]
[PlyCount "82"]
[EventDate "2010.07.27"]
[EventType "swiss"]
[EventRounds "11"]
[EventCountry "ENG"]
[Source "lmi"]
[SourceDate "2010.07.25"]

1. e4 c6 2. d4 d5 3. Nc3 dxe4 4. Nxe4 h6 5. Nf3 Bf5 6. Ng3 Bh7 7. Bc4 e6 8. Qe2
Nf6 9. Ne5 Nd5 10. O-O Nd7 11. f4 Nxe5 12. fxe5 Nb6 13. Qf2 Qc7 14. Bb3 Bg6 15.
Be3 Nd5 16. c4 Nxe3 17. Qxe3 Be7 18. Kh1 O-O 19. Rad1 Qb6 20. Ne4 a5 21. Rf2
Rfd8 22. c5 Qc7 23. Nd6 Bg5 24. Qf3 a4 25. Bc4 Rf8 26. Rdf1 Qd7 27. Qg4 Rae8
28. h4 Be3 29. h5 Bxf2 30. hxg6 fxg6 31. Qxg6 Qe7 32. Rxf2 Qh4+ 33. Kg1 Qxf2+
34. Kh2 Qh4+ 35. Kg1 Qxd4+ 36. Kh1 Qh4+ 37. Kg1 Qe1+ 38. Kh2 Qxe5+ 39. Kh1 Qe1+
40. Kh2 Qh4+ 41. Kg1 Qf6 0-1

[Event "British Chess Championship 2010"]
[Site "Canterbury ENG"]
[Date "2010.08.02"]
[Round "7.27"]
[White "Mackle, Dominic"]
[Black "Shaw, Peter"]
[Result "0-1"]
[WhiteElo "2021"]
[BlackElo "2173"]
[PlyCount "62"]
[EventDate "2010.07.27"]
[EventType "swiss"]
[EventRounds "11"]
[EventCountry "ENG"]
[Source "lmi"]
[SourceDate "2010.07.25"]

1. d4 d5 2. Bf4 c5 3. e3 Nc6 4. c3 Nf6 5. Nd2 Bf5 6. Ngf3 Qb6 7. Nh4 Bg6 8.
Nxg6 hxg6 9. Qb3 e6 10. h3 Be7 11. Be2 O-O 12. Rb1 Rac8 13. Qd1 Qd8 14. Bh2 Bd6
15. f4 cxd4 16. exd4 Qc7 17. O-O g5 18. Qe1 Ne7 19. g3 gxf4 20. gxf4 Nf5 21.
Kh1 g6 22. Nf3 Bxf4 23. Ne5 Bxh2 24. Kxh2 Ne4 25. Rg1 f6 26. Rxg6+ Kh7 27. Bg4
fxe5 28. Bxf5 exd4+ 29. Kh1 Rxf5 30. Rg2 Qf4 31. cxd4 Rg8 0-1

[Event "British Chess Championship 2010"]
[Site "Canterbury ENG"]
[Date "2010.08.02"]
[Round "7.29"]
[White "Henderson, Ian R"]
[Black "Messam-Sparks, Lateefah"]
[Result "1-0"]
[WhiteElo "2108"]
[BlackElo "1904"]
[PlyCount "111"]
[EventDate "2010.07.27"]
[EventType "swiss"]
[EventRounds "11"]
[EventCountry "ENG"]
[Source "lmi"]
[SourceDate "2010.07.25"]

1. d4 Nf6 2. c4 e6 3. Nc3 Bb4 4. a3 Bxc3+ 5. bxc3 h6 6. e3 b6 7. Bd3 Bb7 8. f3
d5 9. cxd5 exd5 10. Ne2 c5 11. O-O O-O 12. Ng3 Nc6 13. Ra2 Qc7 14. Re1 Rfe8 15.
Bb1 Rad8 16. Rd2 Na5 17. e4 Nc4 18. Rf2 dxe4 19. fxe4 Qd7 20. Rxf6 gxf6 21. Nf5
Ne5 22. Qh5 Ng6 23. Qxh6 Qxf5 24. exf5 Rxe1+ 25. Kf2 Rde8 26. fxg6 R8e2+ 27.
Kg3 Rxg2+ 28. Kh3 fxg6 29. Bxg6 Rxh2+ 30. Kxh2 Rh1+ 31. Kg3 Rxh6 32. Bxh6 cxd4
33. cxd4 Bc8 34. Kf4 a6 35. Ke4 b5 36. Kd5 a5 37. Kc5 b4 38. axb4 axb4 39. Kxb4
f5 40. Kc5 f4 41. Bxf4 Kg7 42. Be4 Kf7 43. Kd6 Kf6 44. Be5+ Kf7 45. Kc7 Be6 46.
d5 Bxd5 47. Bxd5+ Kg6 48. Be6 Kg5 49. Kd6 Kg6 50. Ke7 Kg5 51. Kf7 Kh4 52. Kf6
Kh5 53. Bg3 Kh6 54. Bg4 Kh7 55. Kf7 Kh8 56. Bf4 1-0

[Event "British Chess Championship 2010"]
[Site "Canterbury ENG"]
[Date "2010.08.02"]
[Round "7.30"]
[White "Grant, David J"]
[Black "Galliano, Alexander"]
[Result "0-1"]
[WhiteElo "2082"]
[BlackElo "2085"]
[PlyCount "52"]
[EventDate "2010.07.27"]
[EventType "swiss"]
[EventRounds "11"]
[EventCountry "ENG"]
[Source "lmi"]
[SourceDate "2010.07.25"]

1. d4 Nf6 2. c4 g6 3. Nc3 Bg7 4. e4 d6 5. Nf3 O-O 6. h3 e5 7. d5 a5 8. Bg5 Na6
9. Nd2 Qe8 10. Be2 Bd7 11. g4 Nc5 12. Be3 Qc8 13. Rg1 Kh8 14. Qc2 Ng8 15. Nf3
b6 16. O-O-O f5 17. exf5 gxf5 18. Nh4 Ne7 19. Bg5 Bf6 20. gxf5 Nxf5 21. Bxf6+
Rxf6 22. Ne4 Nxe4 23. Qxe4 Qf8 24. Bd3 Qh6+ 25. Kb1 Nxh4 26. Rg5 Rg8 0-1

[Event "British Chess Championship 2010"]
[Site "Canterbury ENG"]
[Date "2010.08.02"]
[Round "7.31"]
[White "Combie, Alex B"]
[Black "Sugden, John N"]
[Result "0-1"]
[WhiteElo "2018"]
[BlackElo "2199"]
[PlyCount "170"]
[EventDate "2010.07.27"]
[EventType "swiss"]
[EventRounds "11"]
[EventCountry "ENG"]
[Source "lmi"]
[SourceDate "2010.07.25"]

1. d4 Nf6 2. c4 e6 3. g3 c5 4. d5 exd5 5. cxd5 d6 6. Nc3 g6 7. Bg2 Bg7 8. Nf3
O-O 9. O-O Bg4 10. Nd2 Qd7 11. a4 Na6 12. Re1 Nc7 13. Nc4 Rfd8 14. Bf4 Nce8 15.
Qd2 Nh5 16. Be3 Bh3 17. Bh1 Qe7 18. f3 Bd7 19. Bf2 a6 20. Nb6 Rab8 21. e4 Bc8
22. f4 Nhf6 23. e5 Ng4 24. Nc4 Nxf2 25. Kxf2 b5 26. axb5 axb5 27. exd6 Qd7 28.
Ne5 Qxd6 29. Ne4 Qb6 30. Nc6 Bf5 31. Nxd8 Bd4+ 32. Kf1 Qxd8 33. Bg2 Nf6 34.
Rac1 Nxe4 35. Bxe4 Bh3+ 36. Ke2 b4 37. Rc4 Bg4+ 38. Kd3 Qf6 39. b3 Bd7 40. Ke2
Bb5 41. Qd3 Ra8 42. Rd1 Re8 43. Kf1 Bxc4 44. bxc4 Ra8 45. Kg2 Ra3 46. Qf1 Ra2+
47. Kh1 Qa6 48. Bb1 Ra3 49. f5 Qf6 50. fxg6 Qxf1+ 51. Rxf1 hxg6 52. Be4 f5 53.
Bb1 Kg7 54. Rc1 Re3 55. d6 Re6 56. g4 fxg4 57. d7 Rd6 58. Kg2 Rxd7 59. Kg3 Be5+
60. Kxg4 Rd4+ 61. Kh3 Bf4 62. Re1 g5 63. Re6 Rxc4 64. Kg4 b3 65. Kf5 Rd4 66.
Re7+ Kf8 67. Ra7 c4 68. Ra8+ Ke7 69. Rc8 Kd7 70. Rc5 Kd6 71. Rc8 Rd5+ 72. Ke4
Rc5 73. Rb8 Kc7 74. Rb4 Bd2 75. Ra4 c3 76. Kd4 c2 77. Bxc2 bxc2 78. Kxc5 c1=Q+
79. Rc4 Qg1+ 80. Kd5+ Kd7 81. Rd4 Qxh2 82. Ke4+ Ke6 83. Kd3 Bf4 84. Re4+ Kf5
85. Re2 Qxe2+ 0-1

[Event "British Chess Championship 2010"]
[Site "Canterbury ENG"]
[Date "2010.08.02"]
[Round "7.32"]
[White "Helbig, Paul D"]
[Black "Freeman, Richard C P"]
[Result "1/2-1/2"]
[WhiteElo "2160"]
[BlackElo "2056"]
[PlyCount "56"]
[EventDate "2010.07.27"]
[EventType "swiss"]
[EventRounds "11"]
[EventCountry "ENG"]
[Source "lmi"]
[SourceDate "2010.07.25"]

1. e4 c5 2. Nc3 Nc6 3. g3 g6 4. Bg2 Bg7 5. d3 d6 6. Be3 e6 7. Qd2 Nge7 8. Bh6
O-O 9. h4 Bxh6 10. Qxh6 f6 11. Qd2 e5 12. h5 g5 13. h6 Ng6 14. Nd5 Nce7 15.
Nxe7+ Qxe7 16. Ne2 Bd7 17. O-O-O b5 18. f4 Nh8 19. fxg5 fxg5 20. Nc3 Bc6 21.
Bh3 Rf3 22. Nd5 Bxd5 23. exd5 Qf6 24. Rdf1 Ng6 25. Bg2 Rf5 26. Bh3 Rf3 27. Bg2
Rf5 28. Bh3 Rf3 1/2-1/2

[Event "British Chess Championship 2010"]
[Site "Canterbury ENG"]
[Date "2010.08.02"]
[Round "7.33"]
[White "Senior, Gary"]
[Black "Almond, Richard J"]
[Result "1/2-1/2"]
[WhiteElo "2069"]
[BlackElo "2148"]
[PlyCount "63"]
[EventDate "2010.07.27"]
[EventType "swiss"]
[EventRounds "11"]
[EventCountry "ENG"]
[Source "lmi"]
[SourceDate "2010.07.25"]

1. e4 d5 2. exd5 Qxd5 3. Nc3 Qa5 4. g3 Nf6 5. Bg2 g6 6. Nf3 Bg7 7. O-O O-O 8.
Re1 Nc6 9. d3 a6 10. Ne2 e5 11. Nd2 Be6 12. c4 Rad8 13. Nb3 Qb4 14. a3 Qd6 15.
Be3 Rfe8 16. Nc5 Bc8 17. Nc3 b6 18. Nb3 Nd4 19. Nxd4 exd4 20. Bf4 Rxe1+ 21.
Qxe1 Qd7 22. Nd5 Nxd5 23. Bxd5 Re8 24. Qf1 Qe7 25. Bc6 Bd7 26. Bxd7 Qxd7 27.
Re1 c6 28. Bd2 f5 29. Rxe8+ Qxe8 30. Qe1 Qxe1+ 31. Bxe1 Bh6 32. b3 1/2-1/2

[Event "British Chess Championship 2010"]
[Site "Canterbury ENG"]
[Date "2010.08.02"]
[Round "7.34"]
[White "Bucher, Grant W"]
[Black "Goodger, Martyn"]
[Result "0-1"]
[WhiteElo "2012"]
[BlackElo "2123"]
[PlyCount "48"]
[EventDate "2010.07.27"]
[EventType "swiss"]
[EventRounds "11"]
[EventCountry "ENG"]
[Source "lmi"]
[SourceDate "2010.07.25"]

1. e4 e5 2. f4 exf4 3. Nf3 g5 4. h4 g4 5. Ne5 d6 6. Nxg4 Nf6 7. Nxf6+ Qxf6 8.
Nc3 Nc6 9. Bb5 Kd8 10. Bxc6 bxc6 11. Qf3 Rg8 12. d3 Bh6 13. Qf2 Rb8 14. Nd1 Rg3
15. O-O Qg6 16. Bxf4 Bxf4 17. Qxf4 Rxg2+ 18. Kh1 Rg4 19. Qf6+ Qxf6 20. Rxf6
Rxh4+ 21. Kg2 Ke7 22. Rf3 Bg4 23. Rf4 Rg8 24. Kf2 Rh1 0-1

[Event "British Chess Championship 2010"]
[Site "Canterbury ENG"]
[Date "2010.08.02"]
[Round "7.35"]
[White "Clarke, Brandon G I"]
[Black "Jameson, David"]
[Result "1-0"]
[WhiteElo "2097"]
[BlackElo "2047"]
[PlyCount "113"]
[EventDate "2010.07.27"]
[EventType "swiss"]
[EventRounds "11"]
[EventCountry "ENG"]
[Source "lmi"]
[SourceDate "2010.07.25"]

1. e4 e5 2. Nf3 Nc6 3. Bb5 a6 4. Ba4 Nf6 5. O-O Nxe4 6. d4 b5 7. Bb3 d5 8. dxe5
Be6 9. c3 Bc5 10. Nbd2 O-O 11. Bc2 Nxf2 12. Rxf2 f6 13. Nb3 Bxf2+ 14. Kxf2 fxe5
15. Nc5 Bg4 16. Bb3 Ne7 17. Bg5 c6 18. h3 Bxf3 19. gxf3 Rf5 20. Bxd5+ Kh8 21.
Ne6 Qxd5 22. Nc7 Qxd1 23. Rxd1 Rc8 24. Bxe7 e4 25. Nxa6 h6 26. Nc5 Rxf3+ 27.
Kg2 Re8 28. Bd6 Rf5 29. b4 e3 30. Bg3 Ra8 31. Ra1 Rd8 32. Nb3 Rd3 33. Rc1 Kh7
34. Rc2 g5 35. Be1 h5 36. Re2 h4 37. Nc5 Rd1 38. Rxe3 Ra1 39. Re2 Kg6 40. Nb3
Rd1 41. Nd4 Rf6 42. Bf2 Rc1 43. Nb3 Rxc3 44. Be1 Rd3 45. Nc5 Rd1 46. a4 bxa4
47. Nxa4 Rd3 48. Nc5 Rd1 49. Bc3 Rff1 50. Re6+ Kh5 51. Ne4 Rg1+ 52. Kf2 Rh1 53.
Ke2 Rb1 54. Nf2 Rh2 55. Bg7 g4 56. hxg4+ Kg5 57. Bh6# 1-0

[Event "British Chess Championship 2010"]
[Site "Canterbury ENG"]
[Date "2010.08.02"]
[Round "7.36"]
[White "Mayhew, Andrew"]
[Black "Tambini, Jasper"]
[Result "1/2-1/2"]
[WhiteElo "2085"]
[BlackElo "1890"]
[PlyCount "95"]
[EventDate "2010.07.27"]
[EventType "swiss"]
[EventRounds "11"]
[EventCountry "ENG"]
[Source "lmi"]
[SourceDate "2010.07.25"]

1. e4 e5 2. Nc3 Nf6 3. Nf3 Nc6 4. Nxe5 Nxe5 5. d4 Nc6 6. d5 Ne5 7. f4 Bd6 8.
fxe5 Bxe5 9. Bd3 d6 10. Bg5 h6 11. Bh4 g5 12. Bf2 Ng4 13. Bb5+ Kf8 14. Bg1 Qf6
15. Qf3 Qxf3 16. gxf3 Bxc3+ 17. bxc3 Ne5 18. Be2 Bh3 19. Bd4 f6 20. Kf2 Ke7 21.
a4 a5 22. Kg3 Bd7 23. h4 Ng6 24. hxg5 hxg5 25. Bb5 Bxb5 26. axb5 b6 27. Kg4 Kf7
28. Kf5 Nh4+ 29. Kg4 Rag8 30. Rh3 Rh7 31. Rah1 Rhh8 32. c4 Ng6 33. Rxh8 Rxh8
34. Rxh8 Nxh8 35. Kf5 Ng6 36. Bxf6 Nh4+ 37. Kxg5 Nxf3+ 38. Kf5 Nd2 39. e5 Nxc4
40. e6+ Ke8 41. Ke4 Na3 42. Kd3 Nxb5 43. c4 Na7 44. Kc3 c6 45. Bd4 Nc8 46. dxc6
Ke7 47. Kb3 Kxe6 48. Ka4 1/2-1/2

[Event "British Chess Championship 2010"]
[Site "Canterbury ENG"]
[Date "2010.08.02"]
[Round "7.37"]
[White "Dines, Sheila J"]
[Black "Pleasants, Allan J"]
[Result "1/2-1/2"]
[WhiteElo "1931"]
[BlackElo "2032"]
[PlyCount "117"]
[EventDate "2010.07.27"]
[EventType "swiss"]
[EventRounds "11"]
[EventCountry "ENG"]
[Source "lmi"]
[SourceDate "2010.07.25"]

1. e4 c5 2. Nf3 Nc6 3. d4 cxd4 4. Nxd4 Qc7 5. Nc3 e6 6. a3 a6 7. Be3 d6 8. g4
Nf6 9. f3 Be7 10. Be2 b5 11. Qd2 Bb7 12. g5 Nd7 13. Nxc6 Qxc6 14. f4 Rc8 15.
Rf1 O-O 16. O-O-O Rfd8 17. f5 Ne5 18. f6 Bf8 19. Kb1 Nc4 20. Bxc4 Qxc4 21. Rf4
e5 22. Rh4 d5 23. Qg2 dxe4 24. Rg1 Qe6 25. Qe2 g6 26. Rg3 Rc4 27. Rgh3 Bc8 28.
Rxh7 Qxh3 29. Rxh3 Bxh3 30. Nd1 Rdc8 31. Nc3 b4 32. axb4 Be6 33. Bc5 Bxc5 34.
bxc5 R4xc5 35. Qf2 Kf8 36. Nxe4 Rd5 37. b3 Bf5 38. Qh4 Ke8 39. Kb2 Rd4 40. Qh8+
Kd7 41. Qg7 Ke6 42. Ng3 Bxc2 43. Qh7 Rd6 44. Qh3+ Bf5 45. Nxf5 gxf5 46. Qh7 Rd7
47. h4 e4 48. Qh6 Rb8 49. g6 fxg6 50. Qxg6 Rf7 51. h5 Rxf6 52. Qg7 Rff8 53.
Qg6+ Ke5 54. Qg7+ Kf4 55. Qh6+ Kf3 56. Qxa6 f4 57. Qf1+ Ke3 58. Qe1+ Kf3 59.
Qf1+ 1/2-1/2

[Event "British Chess Championship 2010"]
[Site "Canterbury ENG"]
[Date "2010.08.02"]
[Round "7.38"]
[White "Fegan, Chris"]
[Black "Krzyzanowski, Patryk"]
[Result "1-0"]
[WhiteElo "2051"]
[BlackElo "2030"]
[PlyCount "69"]
[EventDate "2010.07.27"]
[EventType "swiss"]
[EventRounds "11"]
[EventCountry "ENG"]
[Source "lmi"]
[SourceDate "2010.07.25"]

1. e4 c5 2. f4 g6 3. Nf3 Bg7 4. c3 d5 5. Bb5+ Bd7 6. Bxd7+ Qxd7 7. e5 d4 8. Qb3
Nc6 9. Ng5 Nd8 10. O-O Nh6 11. Na3 O-O 12. Nc2 Nf5 13. Re1 Qc6 14. cxd4 Nxd4
15. Nxd4 cxd4 16. f5 gxf5 17. e6 f6 18. Nf3 Qc5 19. d3 Nc6 20. Bd2 Ne5 21. Nh4
Ng6 22. Rac1 Qb6 23. Nxf5 Qxb3 24. axb3 Rfc8 25. Rc4 Rxc4 26. bxc4 Kf8 27. Re4
Rd8 28. Bb4 b5 29. Ba5 Rc8 30. Rxd4 Ne5 31. cxb5 h5 32. Bb4 Ng4 33. Bxe7+ Kg8
34. Rd8+ Rxd8 35. Bxd8 1-0

[Event "British Chess Championship 2010"]
[Site "Canterbury ENG"]
[Date "2010.08.02"]
[Round "7.39"]
[White "Doran, Chris"]
[Black "Van Kemenade, Rudy"]
[Result "1/2-1/2"]
[WhiteElo "1997"]
[BlackElo "1995"]
[PlyCount "133"]
[EventDate "2010.07.27"]
[EventType "swiss"]
[EventRounds "11"]
[EventCountry "ENG"]
[Source "lmi"]
[SourceDate "2010.07.25"]

1. e4 e5 2. Nf3 Nf6 3. Nxe5 d6 4. Nf3 Nxe4 5. d4 d5 6. Bd3 Nc6 7. O-O Bg4 8. c4
Nf6 9. Nc3 dxc4 10. Bxc4 Be7 11. h3 Bxf3 12. Qxf3 O-O 13. Bf4 Qxd4 14. Bb3 Bd6
15. Bxd6 Qxd6 16. Rad1 Qb4 17. Nd5 Nxd5 18. Qxd5 Rad8 19. Qc4 Qxc4 20. Bxc4
Rxd1 21. Rxd1 Rd8 22. Re1 Kf8 23. Re2 Nd4 24. Re3 c5 25. a3 Re8 26. Rd3 b5 27.
Bd5 Ne2+ 28. Kf1 Nf4 29. Rd1 Rd8 30. Bf3 Rxd1+ 31. Bxd1 Nd3 32. b3 h6 33. Ke2
Nf4+ 34. Kf3 Nd5 35. Be2 Nc3 36. Bd3 Ke7 37. Ke3 Nd5+ 38. Kd2 Nc7 39. Ke3 Kd6
40. g4 g5 41. Ke4 Ke6 42. f4 gxf4 43. Kxf4 Nd5+ 44. Kg3 Nc3 45. Kh4 Ke5 46. Kh5
Kd4 47. Bf1 Ke3 48. Kxh6 Ne2 49. Bg2 Kd4 50. Bc6 a6 51. Kg7 Nf4 52. h4 Kc3 53.
Kxf7 Kxb3 54. g5 c4 55. g6 Nxg6 56. Kxg6 c3 57. Be4 Kxa3 58. h5 b4 59. h6 b3
60. h7 c2 61. h8=Q c1=Q 62. Qe5 Qg1+ 63. Kf5 Qf2+ 64. Kg4 Qb6 65. Qa1+ Kb4 66.
Qe1+ Ka3 67. Qa1+ 1/2-1/2

[Event "British Chess Championship 2010"]
[Site "Canterbury ENG"]
[Date "2010.08.03"]
[Round "8.2"]
[White "Williams, Simon K"]
[Black "Pert, Nicholas"]
[Result "1/2-1/2"]
[WhiteElo "2511"]
[BlackElo "2551"]
[PlyCount "95"]
[EventDate "2010.07.27"]
[EventType "swiss"]
[EventRounds "11"]
[EventCountry "ENG"]
[Source "lmi"]
[SourceDate "2010.07.25"]

1. e4 c5 2. Nf3 Nc6 3. Nc3 g6 4. d4 cxd4 5. Nxd4 Bg7 6. Be3 Nf6 7. Bc4 Qa5 8.
O-O O-O 9. Nd5 Nxd5 10. exd5 Ne5 11. Bb3 d6 12. h3 Nd7 13. c3 Nf6 14. c4 Bd7
15. Re1 Rfe8 16. Bd2 Qc5 17. Bc3 a6 18. Rc1 b5 19. cxb5 Nxd5 20. Ne6 Nxc3 21.
Nxc5 Nxd1 22. Nxd7 Nxf2 23. Kxf2 axb5 24. Rc7 e6 25. Rd1 d5 26. Rc2 Ra7 27. Nc5
Rc8 28. Rdd2 Rac7 29. Nd3 Kf8 30. Rxc7 Rxc7 31. Nb4 Rc1 32. Nd3 Rc7 33. Ke2 Ke7
34. Kd1 Kd6 35. Nb4 f5 36. g4 Bh6 37. Rc2 Rxc2 38. Bxc2 f4 39. Bd3 Kc5 40. Nc2
e5 41. b4+ Kb6 42. Bf1 f3 43. Ke1 e4 44. Kf2 Bg5 45. Nd4 Bh4+ 46. Ke3 Bg5+ 47.
Kf2 Bh4+ 48. Ke3 1/2-1/2

[Event "British Chess Championship 2010"]
[Site "Canterbury ENG"]
[Date "2010.08.03"]
[Round "8.3"]
[White "Houska, Jovanka"]
[Black "Hunt, Adam C"]
[Result "0-1"]
[WhiteElo "2433"]
[BlackElo "2408"]
[PlyCount "104"]
[EventDate "2010.07.27"]
[EventType "swiss"]
[EventRounds "11"]
[EventCountry "ENG"]
[Source "lmi"]
[SourceDate "2010.07.25"]

1. d4 Nf6 2. Nf3 g6 3. c4 Bg7 4. g3 O-O 5. Bg2 d6 6. O-O Nc6 7. Nc3 a6 8. b3
Rb8 9. Nd5 Nh5 10. Bb2 e6 11. Nc3 b5 12. d5 Ne7 13. dxe6 Bxe6 14. cxb5 axb5 15.
Qd2 b4 16. Nd1 Nf6 17. Ng5 Bc8 18. Ne4 Nxe4 19. Bxe4 Bh3 20. Bxg7 Kxg7 21. Re1
Qd7 22. Ne3 c6 23. Rac1 d5 24. Qd4+ f6 25. Bf3 Rb7 26. g4 Qd6 27. Nc4 Qe6 28.
Nb2 Qe5 29. e3 Qxd4 30. exd4 f5 31. Nd3 fxg4 32. Bd1 Rf6 33. Nc5 Ra7 34. Ne6+
Kh6 35. Nd8 Rd7 36. Re6 Rf8 37. Nxc6 g3 38. Re2 Rc7 39. hxg3 Rxc6 40. Rc5 Rxc5
41. dxc5 Nc6 42. Rd2 Be6 43. f4 Kg7 44. Bf3 g5 45. Kg2 gxf4 46. gxf4 Rxf4 47.
Bxd5 Rd4 48. Rxd4 Nxd4 49. Bb7 Kf6 50. Kf2 Ke5 51. Ke3 Bd5 52. Ba6 Ne6 0-1